2022 F1 World Championship Race Winners - Statistics

General Stats
  • This quiz has been taken 45 times
  • The average score is 22 of 22
Answer Stats
Races Winners % Correct
Saudi Arabia Max Verstappen
100%
Imola Max Verstappen
100%
Miami Max Verstappen
100%
Spain Max Verstappen
100%
Azerbaijan Max Verstappen
100%
Canada Max Verstappen
100%
France Max Verstappen
100%
Hungary Max Verstappen
100%
Belgium Max Verstappen
100%
Netherlands Max Verstappen
100%
Italy Max Verstappen
100%
Japan Max Verstappen
100%
United States Max Verstappen
100%
Mexico Max Verstappen
100%
Abu Dhabi Max Verstappen
100%
Monaco Sergio Perez
100%
Singapore Sergio Perez
100%
Great Britain Carlos Sainz
98%
Bahrain Charles Leclerc
98%
Australia Charles Leclerc
98%
Austria Charles Leclerc
98%
Brazil George Russell
90%
No matching quizzes found
Score Distribution
Percent of People with Each Score
Percentile by Number Answered
Your Score History
You have not taken this quiz